| 000 -ლიდერი |
| ფიქსირებული სიგრძის საკონტროლო ველი |
01018nam a22002057a 4500 |
| 003 - საკონტროლო ნომრის იდენტიფიკატორი |
| საკონტროლო ველი |
Ge_BSU |
| 005 - ბოლო ოპერაციის თარიღი და დრო |
| საკონტროლო ველი |
20191216141734.0 |
| 008 - ფიქსირებული სიგრძის მონაცემთა ელემენტები - ზოგადი ინფორმაცია |
| ფიქსირებული სიგრძის საკონტროლო ველი |
191216s2018 ||||| |||| 00| 0 geo d |
| 020 ## - წიგნის საერთაშორისო სტანდარტული ნომერი |
| International Standard Book Number |
9789941807909 |
| 041 ## - ენის კოდი |
| Language code of text/sound track or separate title |
geo |
| 080 ## - უნივერსალური ათობითი კლასიფიკაციის ინდექსი |
| Universal Decimal Classification number |
821.353.1-1 ბ-25 |
| 100 ## - მთავარი ჩანაწერი - პიროვნების სახელი |
| Personal name |
ბარბაქაძე, დათო |
| 9 (RLIN) |
5805 |
| 245 ## - ცნობა სათაურის შესახებ |
| Title |
ტბის სანაპიროს სიმღერები : |
| Remainder of title |
[ლექსების კრებული] / |
| Statement of responsibility, etc |
დათო ბარბაქაძე ; ბოლოსიტყვ.: ბელა წიფურია ; დიზაინ : გვანცა მახათაძე |
| 264 ## - წარმოების, გამოცემის, დისტრიბუციის და სხვა ცნობები |
| გამოცემის, წარმოების, დისტრიბუციის... ადგილი |
თბილისი : |
| გამოცემის, წარმოების, დისტრიბუციის... სახელწოდება |
პოეზია, |
| გამოცემის, წარმოების, დისტრიბუციის... თარიღი |
2018. |
| 300 ## - ფიზიკური აღწერა |
| Extent |
120 გვ. ; |
| Dimensions |
20 სმ. |
| 653 ## - INDEX TERM--UNCONTROLLED |
| Uncontrolled term |
ქართული პოეზია |
| 700 ## - ADDED ENTRY--PERSONAL NAME |
| Personal name |
წიფურია, ბელა |
| Relator term |
ბოლოსიტყვაობა |
| 9 (RLIN) |
2692 |
| 700 ## - ADDED ENTRY--PERSONAL NAME |
| Personal name |
მახათაძე, გვანცა |
| Relator term |
დიზაინერი |
| 9 (RLIN) |
5807 |
| 942 ## - ADDED ENTRY ELEMENTS (KOHA) |
| Source of classification or shelving scheme |
|
| Koha item type |
წიგნი |